ბათუმის შოთა რუსთაველის სახელმწიფო უნივერსიტეტის ბიბლიოთეკა

მგზავრობის დროს თქმული ლექსები (ბიბ.ჩანაწერი № 42186)

000 -LEADER
fixed length control field 00740nam a2200205Ia 4500
001 - CONTROL NUMBER
control field 8879
003 - CONTROL NUMBER IDENTIFIER
control field GE_BSU
008 - FIXED-LENGTH DATA ELEMENTS--GENERAL INFORMATION
fixed length control field 181216s||||||||xx |||||||||||||| ||und||
040 ## - CATALOGING SOURCE
Transcribing agency GE_BSU
080 ## - UNIVERSAL DECIMAL CLASSIFICATION NUMBER
Universal Decimal Classification number 821.353.1–1
100 ## - MAIN ENTRY--PERSONAL NAME
Personal name კალაძე,კარლო
245 ## - TITLE STATEMENT
Title მგზავრობის დროს თქმული ლექსები
245 ## - TITLE STATEMENT
Statement of responsibility, etc. რედ.ლ.შარაშიძე;მხატვ.თ. აბაკელია
260 ## - PUBLICATION, DISTRIBUTION, ETC.
Place of publication, distribution, etc. ბათომი
260 ## - PUBLICATION, DISTRIBUTION, ETC.
Name of publisher, distributor, etc. აჭარისტანის სახელგამი
260 ## - PUBLICATION, DISTRIBUTION, ETC.
Date of publication, distribution, etc. 1935
300 ## - PHYSICAL DESCRIPTION
Extent 62გვ. 14სმ.
653 ## - INDEX TERM--UNCONTROLLED
Uncontrolled term მგზავრობის დროს თქმული ლექსები
942 ## - ADDED ENTRY ELEMENTS (KOHA)
Koha item type წიგნი
ეგზემპლარები
Withdrawn status Lost status Damaged status Not for loan Date acquired Barcode Date last seen Price effective from Koha item type
        2018-12-17 31385 2018-12-17 2018-12-17 წიგნი
        2018-12-17 31386 2018-12-17 2018-12-17 წიგნი
        2018-12-17 31387 2018-12-17 2018-12-17 წიგნი
        2018-12-17 31388 2018-12-17 2018-12-17 წიგნი